El placer estético de las matemáticas /

Serge Lang reconocido matemático norteamericano nacido en Francia, hace aquí una reflexión sobre la dimensión estética de las matemáticas, que en su origen fueron conferencias para un público no especializado. Contra la "mala imagen" que dicha ciencia tiene para el común de los mortales, Lang filoso...

Descripción completa

Guardado en:
Detalles Bibliográficos
Autor principal: Lang, Serge (autor)
Formato: Libro
Idioma:Español
Publicado: Madrid, España : Alianza, 1994, c1994
Colección:(Alianza Universidad ; 737)
Temas:
Etiquetas: Agrega una etiqueta
Sin etiquetas, Sé el primero en etiquetar este registro!

MARC

LEADER 00000nam^a2200000^a^4500
001 000104964
005 20250521000000.0
009 20260526122223.621
020 |a 84-206-2737-2 
037 |a Acervo ITESO - Biblioteca 
041 |a ESP 
082 |a 510. 1  |b LAN 
100 |a Lang, Serge  |e (autor) 
245 1 3 |a El placer estético de las matemáticas /  |c S. Lang ; tr. por Pedro Jesús Salas. 
264 4 |a Madrid, España :  |b Alianza,  |c 1994, c1994 
300 |a 179 p. 
336 |a texto  |b txt  |2 rdacontenido 
337 |a sin mediación  |b n  |2 rdamedio 
338 |a volumen  |b nc  |2 rdasoporte 
440 1 |a (Alianza Universidad ;  |v 737) 
500 |a Traducción de: Serge Lang fait des maths en public 
520 |a Serge Lang reconocido matemático norteamericano nacido en Francia, hace aquí una reflexión sobre la dimensión estética de las matemáticas, que en su origen fueron conferencias para un público no especializado. Contra la "mala imagen" que dicha ciencia tiene para el común de los mortales, Lang filosofa sobre el asunto mediante el abordaje de temas accesibles. 
649 |a XX 
650 |a Matemáticas -  |x Filosofía 
650 |a Matemáticas -  |x Teoría 
910 |a Fondo General 
920 |a Impresos - Libros 
930 |a Colección General 
905 |a 101 
901 |a 0500040761  |b IT1  |c ACC  |u 20250521 
902 |a https://opac.biblio.iteso.mx/vufind/Record/000104964